| 000 | 00500nam a22002057a 4500 | ||
|---|---|---|---|
| 003 | OSt | ||
| 005 | 20140311162959.0 | ||
| 008 | 130201t xxu||||| |||| 00| 0 eng d | ||
| 020 | _a9712344568 | ||
| 050 |
_aR 724 _b.P123 2006 |
||
| 100 | _aPadilla, Reynaldo A. | ||
| 245 |
_aMedical ethics / _cPadilla, Reynaldo A. |
||
| 260 |
_aManila: _b Rex Book Store, _c2006. |
||
| 300 |
_a218 p. : _c22 cm. |
||
| 521 | _aNUR | ||
| 562 | _e2 | ||
| 942 |
_2lcc _cBK _kLOC |
||
| 999 |
_c39134 _d39134 |
||